Casper - Alles war schön und nichts tat weh (lyrics) - Statistiken

Allgemein
  • Dieses Quiz wurde 24 mal gespielt
  • Das Durchschnittsergebnis liegt bei 268 aus 395
Antwortstatistiken
Antwort % Korrekt
"Ahs"
100%
Alles
100%
alles
100%
Ich
100%
ich
100%
ich's
100%
nicht
100%
nichts
100%
schön
100%
tat
100%
"Uhs"
100%
und
100%
Und
100%
war
100%
weh
100%
den
95%
da
89%
das
89%
der
89%
in
89%
wie
89%
wie'n
89%
an?
84%
an
84%
an,
84%
die
84%
mich
84%
Mich
84%
zu
84%
auf,
79%
auf
79%
es
79%
Freunde
79%
mein
79%
Mit
79%
mit
79%
so
79%
So
79%
von
79%
diskutieren
74%
Fing
74%
hab'
74%
Ja-ja,
74%
leid,
74%
meine
74%
'ne
74%
viel
74%
wo
74%
Bin
68%
Dass
68%
dass
68%
dir
68%
hat
68%
ignorieren
68%
im
68%
Im
68%
nie
68%
Wann
68%
Weg
68%
Weit
68%
weit,
68%
weit
68%
Zukunft
68%
bei
63%
distanzieren
63%
explodier',
63%
Familie
63%
immer
63%
mir
63%
renn
63%
renn'
63%
vor
63%
wir
63%
allen
58%
Beine
58%
dann
58%
Dann
58%
fang'
58%
Farben
58%
geh
58%
Herzen
58%
heute
58%
tragen
58%
wehgetan
58%
wenn
58%
wenn's
58%
wieder
58%
Fuß
53%
haben?
53%
lange
53%
Licht
53%
mach'
53%
Mama
53%
meinem
53%
noch
53%
passierts
53%
Vergangenheit
53%
Was,
53%
Wurd'
53%
wurd's
53%
angeht
47%
dran
47%
gedacht
47%
Gedanken
47%
Hier
47%
hört
47%
Jetzt
47%
Kopf
47%
meint
47%
nur
47%
Nur
47%
ohne
47%
sein
47%
Gas
42%
gestern
42%
Hund
42%
Jagd
42%
Lieb'
42%
mehr
42%
Musik
42%
nochmal
42%
Phase
42%
runter
42%
stolper'
42%
über
42%
vom
42%
voran
42%
Wollt
42%
Bau
37%
Feinstaub
37%
Ging
37%
gottverdammt
37%
Kater
37%
Kick,
37%
kriegt
37%
Nächte,
37%
Nehm'
37%
nervös,
37%
Problemen
37%
schnell,
37%
sich
37%
Stadt
37%
Tage
37%
wach
37%
waren?
37%
Welt,
37%
Beste
32%
bevor
32%
Depression'
32%
Dunkle
32%
Ende
32%
Ey,
32%
fahren
32%
Hoff,
32%
jemand
32%
kam?
32%
Langeweile
32%
leise,
32%
letzter
32%
Planke
32%
Satz,
32%
sterbe
32%
Suff
32%
Türme
32%
Untergang
32%
Verstand
32%
Vollgas
32%
anders
26%
besser,
26%
besten
26%
fast
26%
fühlt
26%
geschlafen
26%
naht
26%
red
26%
Schlechtes,
26%
vergessen
26%
durch
21%
Gebäude,
21%
Jahr
21%
letztes
21%
schau'
21%
Smok
21%
Tritt,
21%
zuckende
21%
fest
16%
Schöner,
16%
stecke
16%
Keine übereinstimmenden Quizze gefunden
Verteilung der Resultate
Anzahl Personen mit jedem Resultat
Perzentil nach korrekt beantworteten Fragen
Ihre Resultats-Entwicklung
Sie haben dieses Quiz noch nicht gespielt